Retail sales, independent stores -- Arizona, January 1941.

Bibliographic Details
Format: Government Document eBook
Language:English
Published: [Washington] : [s.n.], 1941.
Subjects:
Online Access:Electronic resource (PDF)

MARC

Tag First Indicator Second Indicator Subfields
LEADER 00000cam a22000001i 4500
001 in00003925513
006 m d f
007 cr bn mmmapmmp
008 410215s1941 dcu o f000 0 eng d
005 20250211000755.7
035 |a ebd1940013042 
040 |a UMI  |c UMI  |e rda  |d UtOrBLW 
086 0 |a C 3.138:941/1/Ar 4i 
099 |a C3.138..941_1_Ar4i 
110 2 |a U.S. Census Bureau,  |e issuing body.  |0 http://id.loc.gov/authorities/names/no2003100601 
245 1 0 |a Retail sales, independent stores -- Arizona, January 1941. 
264 1 |a [Washington] :  |b [s.n.],  |c 1941. 
300 |a 1 online resource (2 pages), digital, PDF file 
336 |a text  |b txt  |2 rdacontent 
337 |a computer  |b c  |2 rdamedia 
338 |a online resource  |b cr  |2 rdacarrier 
533 |a Electronic reproduction.  |b [Bethesda, Md.] :  |c ProQuest,  |d 2017  |e digital, PDF file.  |n ProQuest U.S. Executive Branch Documents  |n Mode of access: World Wide Web via ProQuest website. 
588 |a Record is based on online resource; title from PDF title page (ProQuest, last viewed Oct. 2017). Reuse except for individual research requires license from ProQuest, LLC. 
650 0 |a Lumber.  |0 http://id.loc.gov/authorities/subjects/sh85078804 
651 0 |a Arizona.  |0 http://id.loc.gov/authorities/names/n79034873 
651 0 |a Phoenix (Ariz.)  |0 http://id.loc.gov/authorities/names/n81066146 
856 4 0 |u http://proxy.library.tamu.edu/login?url=http://congressional.proquest.com/congressional/docview/t66.d71.c3.138..941_1_ar4i?  |y Electronic resource (PDF)  |t 0 
999 f f |s 502cdd4b-67d5-3299-93b8-629c475bdfc8  |i d50e4202-67e8-31fa-8ea6-de3b933583e6  |t 0 
952 f f |a Texas A&M University  |b College Station  |c Electronic Resources  |d Available Online  |t 0  |h No information provided 
998 f f |t 0  |l Available Online